01595nam a2200337 a 4500001001200000003000800012006001900020007001500039008004100054010001700095020001500112020001800127020002700145040002100172035002100193050002400214082001500238245038700253260005500640300002100695490005200716504005300768533015200821650003400973650004201007655002901049700001901078710001701097856012601114999001701240ebr10604088CaPaEBRm o u cr cn|||||||||140724s2009 sz a sb 101 0 eng d z 2009499373 z0878493174 z9780878493173 z9783038132646 (e-book) aCaPaEBRcCaPaEBR a(OCoLC)66999332614aQD551b.E533 2009eb04a541.3722200aElectrochemistry and physical chemical methods in serving materials for sustainable developmenth[electronic resource] :bselected, peer reviewed papers from the workshop, "Electrochemistry and physical chemical methods in serving materials for sustainable development", which was part of the conference RICCCE XVI, 9-12 September 2009, Sinaia, Romania /cedited by Danniela Ionita. aSwitzerland ;aEnfield, N.H. :bTrans Tech,c2009. ax, 84 p. :bill.0 aKey engineering materials,x1013-9826 ;vv. 415 aIncludes bibliographical references and indexes. aElectronic reproduction.bPalo Alto, Calif. :cebrary,d2014.nAvailable via World Wide Web.nAccess may be limited to ebrary affiliated libraries. 0aElectrochemistryvCongresses. 0aElectrochemical analysisvCongresses. 7aElectronic books.2local1 aIonita, Diana.2 aebrary, Inc.40uhttp://site.ebrary.com/lib/rucke/Doc?id=10604088zAn electronic book accessible through the World Wide Web; click to view c99873d99873